Darkness over Denmark : (Record no. 16739)

000 -LEADER
fixed length control field 00756cam a22002174a 4500
020 ## - INTERNATIONAL STANDARD BOOK NUMBER
ISBN 0823414477
020 ## - INTERNATIONAL STANDARD BOOK NUMBER
ISBN 9780823414475
020 ## - INTERNATIONAL STANDARD BOOK NUMBER
ISBN 0823417557 (pbk.)
020 ## - INTERNATIONAL STANDARD BOOK NUMBER
ISBN 9780823417551 (pbk.)
040 ## - CATALOGING SOURCE
Transcribing agency DLC
082 ## - DEWEY DECIMAL CLASSIFICATION NUMBER
Classification number 940 HOL 2000 A114 Or.
100 1# - MAIN ENTRY--AUTHOR NAME
Personal name Levine, Ellen.
245 10 - TITLE STATEMENT
Title Darkness over Denmark :
Remainder of title the Danish resistance and the rescue of the Jews /
260 ## - PUBLICATION, DISTRIBUTION, ETC. (IMPRINT)
Place of publication New York :
Name of publisher Holiday House,
Year of publication ℗♭2000.
300 ## - PHYSICAL DESCRIPTION
Number of Pages x, 164 pages :
Other physical details illustrations, maps ;
Dimensions 26 cm
520 ## - SUMMARY, ETC.
Summary, etc An account of people in Denmark who risked their lives to protect and rescue their Jewish neighbors from the Nazis during World War II.
650 #0 - SUBJECT ADDED ENTRY--TOPICAL TERM
Topical Term Jews
650 #0 - SUBJECT ADDED ENTRY--TOPICAL TERM
Topical Term Holocaust, Jewish (1939-1945)
650 #0 - SUBJECT ADDED ENTRY--TOPICAL TERM
Topical Term World War, 1939-1945
942 ## - ADDED ENTRY ELEMENTS (KOHA)
Koha item type សៀវភៅភាសាអង់គ្លេស
952 ## - LOCATION AND ITEM INFORMATION (KOHA)
Withdrawn status [LOCAL, KOHA] 0
Holdings
Permanent Location Date acquired Koha item type Lost status Shelving location Barcode Current Location Full call number
Library Block A2018-04-02សៀវភៅភាសាអង់គ្លេស A087A18207Library Block A940 HOL 2000 A087 Or.
មជ្ឈមណ្ឌលឯការនៃសាកលវិទ្យាល័យភូមិន្ទកសិកម្មចំការដូង

Powered by Koha